Statistics for Fast Typing Colors

Click here to take the quiz!

General Stats

  • This quiz has been taken 17,413 times
  • The average score is 16 of 22

Answer Stats

Color Typed % Correct
RedRed
100%
BlueBlue
98%
GreenGreen
97%
OrangeOrange
94%
PinkPink
93%
PurplePurple
91%
WhiteWhite
90%
BlackBlack
90%
YellowYellow
88%
VioletViolet
82%
GoldGold
81%
MaroonMaroon
79%
IndigoIndigo
76%
SilverSilver
76%
BrownBrown
68%
TanTan
67%
AuburnAuburn
66%
FuchsiaFuchsia
46%
TealTeal
43%
TurquoiseTurquoise
34%
GrayGray
34%
Navy BlueNavy Blue
32%

Score Distribution

Percentile by Number Answered

Percent of People with Each Score

Your Score History

You have not taken this quiz